000 00741nam a22002537a 4500
001 BR8204057
003 BR-BrBNA
005 20230928091403.0
007 ta
008 230509b bl.||||| |||| 00| 0 por d
040 _aBR-BrBNA
_bpor
_cBiblioteca Nacional de Agricultura
041 _a(Por)
072 _aK20
_b/G514
090 _ K20 BR8204057
100 1 _aAndrade, I.V. de
110 1 _aSuperintendencia do Desenvolvimento do Nordeste, Recife, PE (Brasil). Div. de Recursos Renovaveis
245 1 _aPolitica florestal para o nordeste [Brasil]
260 3 _aRecife, PE (Brasil):
_c1982.
300 _a7 p.
650 _aPOLITICA FLORESTAL
650 _aREGIAO NORDESTE
909 _a202309
_bLucia
_c55
_dLucia Elande
942 _cBK
999 _c33653
_d33653